[Event "TCh-CHN 2016"]
[Site "China CHN"]
[Date "2016.04.12"]
[Round "1.1"]
[Board "1"]
[White "Malakhov, Vladimir"]
[Black "Li, Shilong"]
[Result "1-0"]
[WhiteTitle "GM"]
[BlackTitle "GM"]
[WhiteElo "2695"]
[BlackElo "2514"]
[WhiteTeam "Tianjing"]
[BlackTeam "Guangdong"]
[WhiteFideId "4120787"]
[BlackFideId "8600678"]
[EventDate "2016.04.12"]

1. e4 c5 2. Nf3 e6 3. d4 cxd4 4. Nxd4 Nf6 5. Nc3 d6 6. g3 a6 7. Bg2 Bd7 8. O-O
Nc6 9. Be3 Be7 10. Qe2 O-O 11. Rad1 Qc7 12. f4 Rfc8 13. Nb3 b5 14. a3 Be8 15. g4
Nd7 16. g5 Nb6 17. f5 Na4 18. fxe6 fxe6 19. Bh3 Bd7 20. Nxa4 bxa4 21. Nd4 Nxd4
22. Bxd4 e5 23. Bxd7 Qxd7 24. Bxe5 Qe6 25. Bg3 Rc4 26. Rfe1 Rc5 27. Rd5 Rxd5 28.
exd5 Qxe2 29. Rxe2 Bxg5 30. Bxd6 Rd8 31. Re6 Rc8 32. c3 Bc1 33. Bb4 Bxb2 34. d6
Rd8 35. c4 Kf7 36. Re7+ Kg6 37. c5 Bf6 38. Rb7 Bd4+ 39. Kg2 Rf8 40. d7 h5 41. c6
Rf2+ 42. Kg3 h4+ 43. Kg4 Bf6 44. c7 1-0

[Event "TCh-CHN 2016"]
[Site "China CHN"]
[Date "2016.04.12"]
[Round "1.1"]
[Board "2"]
[White "Dai, Changren"]
[Black "Xu, Yinglun"]
[Result "0-1"]
[WhiteElo "2361"]
[BlackElo "2523"]
[WhiteTeam "Tianjing"]
[BlackTeam "Guangdong"]
[WhiteFideId "8608156"]
[BlackFideId "8604940"]
[EventDate "2016.04.12"]

1. e4 c5 2. Ne2 d6 3. g3 Nf6 4. Bg2 e6 5. c3 Be7 6. O-O O-O 7. d4 Nc6 8. Na3 d5
9. e5 Ne8 10. Nc2 Rb8 11. f4 f5 12. dxc5 Bxc5+ 13. Kh1 a5 14. Ned4 Nxd4 15. Nxd4
Bd7 16. Be3 Qe7 17. Qe2 Nc7 18. Rac1 Nb5 19. Nb3 Bxe3 20. Qxe3 Rfc8 21. Nxa5 Ra8
22. b4 Be8 23. a4 Na3 24. Qb6 Rc7 25. b5 Rac8 26. Qd6 Ra8 27. Qb6 Rac8 28. Qd4
Nc4 29. b6 Rd7 30. Nb3 Qa3 31. Rb1 Rdd8 32. g4 Bg6 33. g5 Be8 34. Qf2 Bxa4 35.
Nd4 Qe7 36. Ra1 Ra8 37. Rfb1 Qd7 38. Qa2 Ra6 39. Bf1 Bc6 40. Qb3 Rxb6 41. Qd1
Rxb1 42. Qxb1 Nd2 43. Qb6 Nxf1 44. Rxf1 Ra8 45. Rb1 Kf7 46. Kg2 Ra6 47. Qc5 Qe7
48. Qxe7+ Kxe7 49. Nxc6+ bxc6 50. Rb7+ Kf8 51. Rc7 Ra4 52. Kg3 Rc4 53. h3 Rxc3+
54. Kh4 d4 55. Rd7 c5 56. Rd8+ Ke7 57. Rg8 Kf7 58. Rd8 Rf3 59. Rd7+ Kg6 60. Rxd4
Rxh3+ 0-1

[Event "TCh-CHN 2016"]
[Site "China CHN"]
[Date "2016.04.12"]
[Round "1.1"]
[Board "3"]
[White "Wang, Yue"]
[Black "Liu, Chang"]
[Result "1-0"]
[WhiteTitle "GM"]
[WhiteElo "2718"]
[BlackElo "2376"]
[WhiteTeam "Tianjing"]
[BlackTeam "Guangdong"]
[WhiteFideId "8601429"]
[BlackFideId "8606340"]
[EventDate "2016.04.12"]

1. d4 Nf6 2. c4 g6 3. Nc3 Bg7 4. e4 d6 5. h3 O-O 6. Nf3 c5 7. d5 e6 8. Bd3 exd5
9. exd5 Re8+ 10. Be3 Bh6 11. O-O Bxe3 12. fxe3 Qe7 13. e4 Na6 14. Qd2 Kg7 15.
Rf2 Nd7 16. Raf1 Rf8 17. Nb5 f6 18. Be2 Ne5 19. Nxe5 dxe5 20. d6 Qe8 21. Bg4 Bd7
22. Nc3 Bc6 23. Nd5 Bxd5 24. cxd5 h5 25. Be6 Rd8 26. d7 Qe7 27. g4 hxg4 28. hxg4
Nb8 29. g5 Nxd7 30. Bxd7 Qxd7 31. gxf6+ Kf7 32. Qh6 Qd6 33. Qg7+ Ke8 34. Qe7+ 1-0

[Event "TCh-CHN 2016"]
[Site "China CHN"]
[Date "2016.04.12"]
[Round "1.1"]
[Board "4"]
[White "Li, Xueyi"]
[Black "Khotenashvili, Bela"]
[Result "0-1"]
[BlackTitle "GM"]
[WhiteElo "2112"]
[BlackElo "2493"]
[WhiteTeam "Guangdong"]
[BlackTeam "Tianjing"]
[WhiteFideId "8605912"]
[BlackFideId "13602640"]
[EventDate "2016.04.12"]

1. d4 d6 2. Nf3 g6 3. c4 Bg7 4. Nc3 c5 5. d5 e6 6. g3 exd5 7. cxd5 Nf6 8. Bg2
O-O 9. O-O Re8 10. Bf4 Ne4 11. Nxe4 Rxe4 12. Nd2 Rxf4 13. gxf4 Bxb2 14. Rb1 Bg7
15. Nc4 Qf6 16. e3 h5 17. Qa4 Na6 18. Na5 b6 19. Nc6 Bf8 20. Rfe1 h4 21. h3 Qf5
22. Kh2 Nc7 23. Qe4 Qxe4 24. Bxe4 f5 25. Bg2 Kf7 26. Rbd1 Bd7 27. Re2 Nb5 28.
Rc2 Bg7 29. Rd3 Nc7 30. Rc1 Kf8 31. Ne5 Be8 32. Nf3 Bf6 33. Ng5 Be7 34. f3 b5
35. e4 c4 36. Rdd1 Rd8 37. Bf1 Bf7 38. Rd2 Bg8 39. Kg2 Bf6 40. Rdc2 Na6 41. Bxc4
bxc4 42. Rxc4 Nc5 43. e5 Bxg5 44. fxg5 Nd3 45. Rc8 Ke8 46. R1c7 Nxe5 47. Kf2
Bxd5 48. f4 Rxc8 49. Rxc8+ Kd7 50. Rh8 Nf7 51. Rxh4 Ke7 52. a3 Kf8 53. Ke3 Kg7
54. Kd3 a5 55. Kd4 Bc6 56. Kd3 a4 57. Ke3 Be4 58. Kd4 Nd8 59. Rh6 Ne6+ 60. Ke3
d5 0-1

[Event "TCh-CHN 2016"]
[Site "China CHN"]
[Date "2016.04.12"]
[Round "1.1"]
[Board "5"]
[White "Liu, Manli"]
[Black "Xiao, Yiyi"]
[Result "0-1"]
[BlackTitle "WFM"]
[WhiteElo "2015"]
[BlackElo "2222"]
[WhiteTeam "Guangdong"]
[BlackTeam "Tianjing"]
[WhiteFideId "8608121"]
[BlackFideId "8606161"]
[EventDate "2016.04.12"]

1. e4 e5 2. Nf3 Nc6 3. Bb5 Nf6 4. d3 d6 5. c3 Be7 6. Nbd2 O-O 7. O-O a6 8. Ba4
b5 9. Bb3 Na5 10. Bc2 c5 11. Re1 Qc7 12. Nf1 Re8 13. Ng3 Nc6 14. h3 Rb8 15. Nh2
Be6 16. f4 exf4 17. Bxf4 Ne5 18. d4 Ng6 19. Be3 b4 20. Nf5 bxc3 21. bxc3 cxd4
22. cxd4 d5 23. Nxe7+ Nxe7 24. e5 Ne4 25. Nf3 Nf5 26. Nd2 Qc3 27. Bxe4 Nxe3 28.
Qe2 Nf5 29. Bxf5 Qxd4+ 30. Qe3 Qxe3+ 31. Rxe3 Bxf5 32. Nb3 Rbc8 33. Rae1 h5 34.
Kf2 Be4 35. Nd2 Rc2 36. R1e2 Rxe5 37. Nxe4 Rxe2+ 38. Rxe2 dxe4 39. g4 hxg4 40.
hxg4 f6 41. Ke3 Kf7 42. Rb2 Kg6 43. Rb7 Kh6 44. Rc7 a5 45. Rb7 g6 46. Rf7 Kg5
47. Rg7 a4 48. Rg8 Re7 49. Rf8 Rc7 50. Ra8 Kxg4 51. Kxe4 f5+ 52. Kd4 Re7 53. Kd3
Re4 0-1

[Event "TCh-CHN 2016"]
[Site "China CHN"]
[Date "2016.04.12"]
[Round "1.2"]
[Board "1"]
[White "Bai, Jinshi"]
[Black "Wei, Yi"]
[Result "0-1"]
[WhiteTitle "GM"]
[BlackTitle "GM"]
[WhiteElo "2564"]
[BlackElo "2700"]
[WhiteTeam "Hangzhou"]
[BlackTeam "Jiangsu"]
[WhiteFideId "8602280"]
[BlackFideId "8603405"]
[EventDate "2016.04.12"]

1. d4 d5 2. Nf3 c6 3. c4 e6 4. Qc2 Bd6 5. g3 f5 6. Bg2 Nf6 7. O-O O-O 8. Nc3 Ne4
9. Nxe4 dxe4 10. Ne5 c5 11. Be3 Qa5 12. Qc3 Qxc3 13. bxc3 Bxe5 14. dxe5 b6 15.
f3 Bb7 16. fxe4 Bxe4 17. Bxe4 fxe4 18. Rxf8+ Kxf8 19. Rf1+ Ke8 20. Rd1 Nc6 21.
Bf4 Na5 22. h4 Nxc4 23. h5 Rd8 24. Rf1 h6 25. Kf2 Nb2 26. Rc1 Rd1 27. Kg2 Rxc1
28. Bxc1 Nc4 29. Bf4 a5 30. Kf2 a4 31. g4 b5 32. Ke1 b4 33. Kd1 b3 34. axb3 a3 0-1

[Event "TCh-CHN 2016"]
[Site "China CHN"]
[Date "2016.04.12"]
[Round "1.2"]
[Board "2"]
[White "Ma, Qun"]
[Black "Yu, Ruiyuan"]
[Result "1-0"]
[WhiteTitle "GM"]
[BlackTitle "GM"]
[WhiteElo "2613"]
[BlackElo "2516"]
[WhiteTeam "Hangzhou"]
[BlackTeam "Jiangsu"]
[WhiteFideId "8603154"]
[BlackFideId "8603090"]
[EventDate "2016.04.12"]

1. d4 d5 2. c4 c6 3. Nf3 Nf6 4. Nc3 dxc4 5. a4 e6 6. e4 Bb4 7. Bxc4 Nxe4 8. O-O
Nf6 9. Bg5 Nbd7 10. Qe2 O-O 11. Rad1 Be7 12. Rfe1 Nd5 13. h4 N7b6 14. Bd3 f6 15.
Bc1 Bd7 16. Bb1 Bb4 17. Qc2 f5 18. Bg5 Qe8 19. Ne5 Rc8 20. Ba2 a5 21. Qb3 c5 22.
dxc5 Rxc5 23. Nxd7 Qxd7 24. Be3 Rc6 25. Bxb6 Rxb6 26. Nxd5 exd5 27. Rxd5 Qf7 28.
Rxf5 Qxb3 29. Bxb3+ Kh8 30. Rxf8+ Bxf8 31. Re8 Rf6 32. h5 h6 33. Ra8 b6 34. g3
Kh7 35. Bc2+ Kg8 36. Bg6 Rd6 37. Rb8 Rd1+ 38. Kg2 Rd2 39. b3 Rb2 40. g4 Rd2 41.
Kg3 Rd3+ 42. Bxd3 1-0

[Event "TCh-CHN 2016"]
[Site "China CHN"]
[Date "2016.04.12"]
[Round "1.2"]
[Board "3"]
[White "Gao, Rui"]
[Black "Lin, Chen"]
[Result "1/2-1/2"]
[WhiteTitle "GM"]
[BlackTitle "GM"]
[WhiteElo "2552"]
[BlackElo "2526"]
[WhiteTeam "Hangzhou"]
[BlackTeam "Jiangsu"]
[WhiteFideId "8602387"]
[BlackFideId "8602298"]
[EventDate "2016.04.12"]

1. e4 e5 2. Nf3 Nc6 3. Bb5 Nf6 4. O-O Nxe4 5. Re1 Nd6 6. Nxe5 Be7 7. Bf1 Nf5 8.
Nf3 O-O 9. d4 d5 10. c3 Nh4 11. Nxh4 Bxh4 12. Nd2 Bg5 13. g3 Be6 14. Bd3 Qd7 15.
Qc2 Bxd2 16. Bxd2 h6 17. Re3 Rae8 18. Rae1 Nd8 19. Qd1 Bg4 20. f3 Rxe3 21. Rxe3
Bf5 22. Bf1 Re8 23. Qb3 c6 24. Rxe8+ Qxe8 25. Qa3 a6 26. Qd6 Qd7 27. Qxd7 Bxd7
28. g4 f6 29. Kf2 Nf7 30. h4 Kf8 31. Bd3 Ke7 32. b3 Be6 33. Kg3 Bd7 34. Bc1 f5
35. g5 hxg5 36. hxg5 g6 37. Kf4 Ke6 38. a4 Nd6 39. a5 Nb5 40. Bxb5 cxb5 41. Ba3
Be8 42. Bf8 Bd7 43. Ke3 Be8 44. Bg7 Bd7 45. Be5 Bc6 46. Bf4 Bd7 47. Kd3 Bc6 48.
Kc2 Be8 49. Kd3 1/2-1/2

[Event "TCh-CHN 2016"]
[Site "China CHN"]
[Date "2016.04.12"]
[Round "1.2"]
[Board "4"]
[White "Guo, Qi"]
[Black "Dzagnidze, Nana"]
[Result "1/2-1/2"]
[WhiteTitle "IM"]
[BlackTitle "GM"]
[WhiteElo "2436"]
[BlackElo "2535"]
[WhiteTeam "Jiangsu"]
[BlackTeam "Hangzhou"]
[WhiteFideId "8604002"]
[BlackFideId "13601903"]
[EventDate "2016.04.12"]

1. d4 Nf6 2. Nf3 e6 3. c4 d5 4. Nc3 Bb4 5. cxd5 exd5 6. Bf4 Ne4 7. Rc1 Nc6 8.
Nd2 Nxc3 9. bxc3 Bd6 10. Bxd6 cxd6 11. e3 O-O 12. Bd3 Be6 13. O-O Rc8 14. Qb3
Na5 15. Qb1 h6 16. Rfe1 Rc6 17. Nb3 Nc4 18. Bxc4 Rxc4 19. Nd2 Rc7 20. Qb4 Qd7
21. Rb1 Rfc8 22. Rb3 Bf5 23. a4 Qe6 24. Ra3 Qg6 25. Kh1 Be6 26. Qb2 Qd3 27. Nb1
Bf5 28. Kg1 Rc6 29. Rb3 R8c7 30. Rc1 b6 31. Ra3 Qc4 32. h3 Be4 33. Qb5 Bxb1 34.
Rxb1 Kf8 35. Qxc4 Rxc4 36. a5 bxa5 37. Rxa5 Rxc3 38. Rbb5 Ke7 39. Rxd5 Rb3 40.
Ra2 Rd7 41. Kh2 Kd8 42. Rda5 Rbb7 43. Ra6 Kc8 44. Rc2+ Rdc7 45. Rca2 Rd7 1/2-1/2

[Event "TCh-CHN 2016"]
[Site "China CHN"]
[Date "2016.04.12"]
[Round "1.2"]
[Board "5"]
[White "Yuan, Ye"]
[Black "Gu, Tianlu"]
[Result "1-0"]
[BlackTitle "WIM"]
[WhiteElo "2212"]
[BlackElo "2255"]
[WhiteTeam "Jiangsu"]
[BlackTeam "Hangzhou"]
[WhiteFideId "8608415"]
[BlackFideId "8603995"]
[EventDate "2016.04.12"]

1. d4 d5 2. c4 e6 3. Nf3 c6 4. g3 dxc4 5. Bg2 b5 6. Ne5 Bb7 7. a4 Qc8 8. O-O Nf6
9. b3 cxb3 10. Qxb3 b4 11. a5 Nfd7 12. Qf3 Nxe5 13. dxe5 Na6 14. Nd2 Rb8 15. Nc4
c5 16. e4 Bc6 17. Qg4 b3 18. Rd1 Rg8 19. Bg5 Qc7 20. Rd2 Bb5 21. Nd6+ Bxd6 22.
Rxd6 c4 23. Bf1 Nc5 24. Rc1 b2 25. Rb1 c3 26. Bxb5+ Rxb5 27. Qd1 Rb8 28. a6 h6
29. Be3 Nb3 30. Qc2 Na1 31. Qa4+ Kf8 32. Rd7 Qxd7 33. Qxd7 Rh8 34. Qd6+ Kg8 35.
Qxb8+ Kh7 36. Qb4 Rc8 37. Rxb2 cxb2 38. Qxb2 Nc2 39. Bxa7 Ne1 40. Be3 Nf3+ 41.
Kg2 Ne1+ 42. Kf1 Nf3 43. a7 Nxh2+ 44. Kg2 Ng4 45. Qb7 Nxe3+ 46. fxe3 1-0

[Event "TCh-CHN 2016"]
[Site "China CHN"]
[Date "2016.04.12"]
[Round "1.3"]
[Board "2"]
[White "Zhao, Chenxi"]
[Black "Mu, Ke"]
[Result "0-1"]
[WhiteElo "2035"]
[BlackElo "2418"]
[WhiteTeam "Shenzhen"]
[BlackTeam "Qingdao"]
[WhiteFideId "8611513"]
[BlackFideId "8602778"]
[EventDate "2016.04.12"]

1. e4 e5 2. Nf3 Nc6 3. Bb5 a6 4. Ba4 Nf6 5. O-O Be7 6. Re1 b5 7. Bb3 d6 8. c3
O-O 9. h3 Bb7 10. d4 Re8 11. Ng5 Rf8 12. Nf3 Nd7 13. Nbd2 exd4 14. cxd4 Bf6 15.
Nf1 Na5 16. Bc2 Re8 17. Bf4 c5 18. Rb1 Nc4 19. Bc1 cxd4 20. b3 d3 21. Bxd3 Nce5
22. Nxe5 Nxe5 23. Bc2 Rc8 24. Ne3 Ng6 25. f3 Be5 26. Bd3 Qb6 27. Kh1 a5 28. Nd5
Bxd5 29. exd5 Qf2 30. Be3 Qg3 31. Bg1 Nf4 32. Bf1 Nh5 33. f4 Nxf4 34. Re3 Qg6
35. Rc1 Red8 36. Bh2 f6 37. Bxf4 Bxf4 38. Rxc8 Rxc8 39. Rc3 0-1

[Event "TCh-CHN 2016"]
[Site "China CHN"]
[Date "2016.04.12"]
[Round "1.3"]
[Board "3"]
[White "Yu, Kaifeng"]
[Black "Fang, Yuxiang"]
[Result "1-0"]
[WhiteTitle "FM"]
[BlackTitle "IM"]
[WhiteElo "2220"]
[BlackElo "2502"]
[WhiteTeam "Shenzhen"]
[BlackTeam "Qingdao"]
[WhiteFideId "8609667"]
[BlackFideId "8605840"]
[EventDate "2016.04.12"]

1. d4 d5 2. c4 c6 3. cxd5 cxd5 4. Nc3 Nf6 5. Nf3 Nc6 6. Bf4 Bf5 7. e3 e6 8. Qb3
Qb6 9. Qxb6 axb6 10. Bb5 Nd7 11. Ke2 Be7 12. Ne5 Ndxe5 13. Bxe5 f6 14. Bc7 Bd8
15. Bxd8 Kxd8 16. Rhc1 Kc7 17. b3 Rhc8 18. f3 Kd6 19. Na4 Nb4 20. a3 Rc2+ 21.
Rxc2 Nxc2 22. Ra2 Ra5 23. Bd3 Bxd3+ 24. Kxd3 Ne1+ 25. Kc3 b5 26. Kb4 Ra8 27.
Kxb5 Nd3 28. Nc5 Nxc5 29. dxc5+ Kc7 30. a4 g5 31. b4 h5 32. a5 e5 33. Rd2 Rd8
34. e4 d4 35. Kc4 h4 36. Rf2 Rf8 37. g3 hxg3 38. hxg3 Rh8 39. f4 gxf4 40. gxf4
Rh1 41. fxe5 fxe5 42. Kd5 Rb1 43. Rf7+ Kb8 44. Kc4 Re1 45. Kb5 d3 46. Kb6 Kc8
47. a6 bxa6 48. c6 Kd8 49. c7+ Ke8 50. c8=Q+ Kxf7 51. Qd7+ 1-0

[Event "TCh-CHN 2016"]
[Site "China CHN"]
[Date "2016.04.12"]
[Round "1.3"]
[Board "4"]
[White "Zhou, Guijue"]
[Black "Du, Yuxin"]
[Result "1-0"]
[WhiteTitle "WIM"]
[WhiteElo "2239"]
[BlackElo "2074"]
[WhiteTeam "Qingdao"]
[BlackTeam "Shenzhen"]
[WhiteFideId "8602905"]
[BlackFideId "8610282"]
[EventDate "2016.04.12"]

1. e4 c6 2. d4 d5 3. exd5 cxd5 4. Nf3 Nc6 5. c3 Nf6 6. Bd3 Bg4 7. h3 Bh5 8. Bf4
e6 9. Qb3 Qc8 10. Nbd2 Be7 11. O-O O-O 12. Rac1 Bg6 13. Bxg6 hxg6 14. Ne5 Nxe5
15. dxe5 Nd7 16. c4 d4 17. Qd3 Nc5 18. Qg3 a5 19. Rfe1 Qc6 20. Rcd1 Rfd8 21. b3
Rd7 22. Bg5 Bxg5 23. Qxg5 Rad8 24. Qh4 d3 25. Nf3 d2 26. Re2 Qc7 27. Ng5 Re8 28.
Qh7+ Kf8 29. Qh8+ Ke7 30. Qxg7 Kd8 31. Rexd2 Kc8 32. Rxd7 Nxd7 33. Qxf7 Rf8 34.
Qxe6 1-0

[Event "TCh-CHN 2016"]
[Site "China CHN"]
[Date "2016.04.12"]
[Round "1.3"]
[Board "5"]
[White "Hong, Xing"]
[Black "Xu, Yuze"]
[Result "1-0"]
[WhiteElo "1986"]
[BlackElo "1812"]
[WhiteTeam "Qingdao"]
[BlackTeam "Shenzhen"]
[WhiteFideId "8606129"]
[BlackFideId "8614466"]
[EventDate "2016.04.12"]

1. e4 c5 2. Nf3 Nc6 3. d4 cxd4 4. Nxd4 g6 5. Nc3 Bg7 6. Be3 Nf6 7. Nxc6 bxc6 8.
e5 Nd5 9. Nxd5 cxd5 10. Qxd5 Rb8 11. Bxa7 Rxb2 12. Bd4 Rb8 13. Bc4 O-O 14. O-O
Bb7 15. Qc5 d6 16. exd6 exd6 17. Qa7 Qg5 18. f3 Ra8 19. Qb6 Rab8 20. Bxg7 Bxf3
21. Qf2 Kxg7 22. Qd4+ Qe5 23. Qxe5+ dxe5 24. Rxf3 e4 25. Re3 f5 26. a4 Rb4 27.
Bd5 Rd4 28. c4 Rd8 29. a5 Rd7 30. a6 Ra7 31. Rb3 Kf6 32. Rb7 Rxa6 33. Rxa6+ Ke5
34. g3 Rd1+ 35. Kf2 Kd4 36. Bg8 Rd2+ 37. Ke1 Rxh2 38. Rd7+ Kc3 39. c5 Rh1+ 40.
Ke2 Rh2+ 41. Ke3 Rg2 42. c6 Rxg3+ 43. Kf4 Rf3+ 44. Ke5 Kb4 45. c7 Rc3 46. Rd4+
Kb5 47. Bc4+ Rxc4 48. Rxc4 Kxc4 49. c8=Q+ Kd3 50. Ra3+ Kd2 51. Qc3+ 1-0

[Event "TCh-CHN 2016"]
[Site "China CHN"]
[Date "2016.04.12"]
[Round "1.4"]
[Board "1"]
[White "Zhou, Weiqi"]
[Black "Bu, Xiangzhi"]
[Result "1/2-1/2"]
[WhiteTitle "GM"]
[BlackTitle "GM"]
[WhiteElo "2635"]
[BlackElo "2719"]
[WhiteTeam "Chongqing"]
[BlackTeam "Shandong"]
[WhiteFideId "8601674"]
[BlackFideId "8601445"]
[EventDate "2016.04.12"]

1. d4 Nf6 2. c4 e6 3. g3 d5 4. Nf3 dxc4 5. Bg2 Nc6 6. Qa4 Bb4+ 7. Bd2 Nd5 8.
Bxb4 Nxb4 9. Na3 Rb8 10. O-O O-O 11. Qb5 b6 12. Qxc4 Ba6 13. Nb5 Qd5 14. Qxd5
Nxd5 15. a4 Na5 16. Rfe1 c6 17. Nc3 Nc4 18. Nxd5 cxd5 19. b3 Na5 20. b4 Nc4 21.
e3 Nd6 22. Ne5 Rbc8 23. b5 Bb7 24. a5 Rc7 25. Reb1 Rfc8 26. Bf1 Nc4 27. axb6
axb6 28. Nd3 Kf8 29. Be2 Ke7 30. Nb4 Nd6 31. Bd3 1/2-1/2

[Event "TCh-CHN 2016"]
[Site "China CHN"]
[Date "2016.04.12"]
[Round "1.4"]
[Board "2"]
[White "Wang, Chen"]
[Black "Zhao, Jun"]
[Result "1/2-1/2"]
[WhiteTitle "IM"]
[BlackTitle "GM"]
[WhiteElo "2514"]
[BlackElo "2634"]
[WhiteTeam "Chongqing"]
[BlackTeam "Shandong"]
[WhiteFideId "8601020"]
[BlackFideId "8602522"]
[EventDate "2016.04.12"]

1. e4 c5 2. Nf3 d6 3. Bb5+ Nc6 4. O-O Bd7 5. c3 Nf6 6. Re1 a6 7. Bxc6 Bxc6 8. d4
Bxe4 9. Bg5 d5 10. Nbd2 Bg6 11. dxc5 e6 12. Qa4+ Qd7 13. Qd4 Be7 14. Ne5 Qc7 15.
Qa4+ Kf8 16. b4 Rd8 17. Bf4 Qc8 18. Nb3 Nh5 19. Bd2 Nf6 20. Bf4 Nh5 21. Bd2 Nf6
22. f3 Nd7 23. Nxd7+ Rxd7 24. Bf4 Rd8 25. Nd4 Kg8 26. Qd1 h6 27. a4 Kh7 28. Qd2
Rhe8 29. Re2 Qd7 30. a5 1/2-1/2

[Event "TCh-CHN 2016"]
[Site "China CHN"]
[Date "2016.04.12"]
[Round "1.4"]
[Board "3"]
[White "Liu, Yan"]
[Black "Wen, Yang"]
[Result "0-1"]
[WhiteTitle "FM"]
[BlackTitle "GM"]
[WhiteElo "2413"]
[BlackElo "2614"]
[WhiteTeam "Chongqing"]
[BlackTeam "Shandong"]
[WhiteFideId "8608962"]
[BlackFideId "8602956"]
[EventDate "2016.04.12"]

1. e4 e5 2. Nf3 Nc6 3. Nc3 Nf6 4. d4 Bb4 5. Nxe5 Bxc3+ 6. bxc3 Qe7 7. Nxc6 Qxe4+
8. Qe2 dxc6 9. f3 Qxe2+ 10. Bxe2 Bf5 11. Bd3 Bxd3 12. cxd3 O-O-O 13. Be3 Nd5 14.
Kd2 Rd6 15. Rhe1 Rg6 16. g3 Rf6 17. f4 h5 18. Bg1 Rg6 19. Bf2 h4 20. Re2 hxg3
21. Bxg3 Re6 22. Re5 Kd7 23. c4 Ne7 24. Rae1 g6 25. Kc3 Rxe5 26. dxe5 c5 27. d4
cxd4+ 28. Kxd4 Ke6 29. Ke4 Rd8 30. Re2 Nf5 31. Bf2 b6 32. c5 b5 33. Rb2 c6 34.
a4 a6 35. axb5 axb5 36. Ra2 Rh8 37. h4 Rd8 38. Ra6 Rd2 39. Kf3 Ne7 40. Rb6 Ra2
41. Bg1 Ra3+ 42. Ke4 Ra4+ 43. Kf3 Kf5 44. Bh2 Ra3+ 45. Kg2 Kg4 46. Rb7 Ra2+ 47.
Kh1 Nf5 48. Rd7 b4 49. Rd3 Ra3 0-1

[Event "TCh-CHN 2016"]
[Site "China CHN"]
[Date "2016.04.12"]
[Round "1.4"]
[Board "4"]
[White "Zhai, Mo"]
[Black "Tan, Zhongyi"]
[Result "0-1"]
[WhiteTitle "WGM"]
[BlackTitle "WGM"]
[WhiteElo "2371"]
[BlackElo "2518"]
[WhiteTeam "Shandong"]
[BlackTeam "Chongqing"]
[WhiteFideId "8600201"]
[BlackFideId "8603642"]
[EventDate "2016.04.12"]

1. d4 Nf6 2. c4 e6 3. Nc3 Bb4 4. e3 d5 5. Bd3 e5 6. dxe5 dxc4 7. Bxc4 Qxd1+ 8.
Kxd1 Ng4 9. Ke1 Nxe5 10. Be2 Bf5 11. Bd2 Nd3+ 12. Bxd3 Bxd3 13. Kd1 Nc6 14. Nf3
O-O-O 15. a3 Bxc3 16. Bxc3 Rd5 17. Ne1 Bc4+ 18. Kc2 f6 19. b3 Be2 20. Kb2 Ne5
21. h3 Rhd8 22. f4 Nd7 23. Nc2 Nc5 24. Nd4 Bh5 25. b4 Nd3+ 26. Kc2 Bg6 27. Kb3
Re8 28. Kc4 b5+ 29. Nxb5 Bf7 30. Nd4 Rxe3 31. Rhd1 Rc5# 0-1

[Event "TCh-CHN 2016"]
[Site "China CHN"]
[Date "2016.04.12"]
[Round "1.4"]
[Board "5"]
[White "Chu, Ruotong"]
[Black "Lei, Tingjie"]
[Result "1/2-1/2"]
[BlackTitle "WGM"]
[WhiteElo "2078"]
[BlackElo "2504"]
[WhiteTeam "Shandong"]
[BlackTeam "Chongqing"]
[WhiteFideId "8605653"]
[BlackFideId "8605114"]
[EventDate "2016.04.12"]

1. d4 d5 2. c4 e6 3. Nf3 c6 4. Qc2 Nf6 5. g3 Be7 6. Bg2 O-O 7. O-O b6 8. Nbd2
Bb7 9. e4 Na6 10. e5 Nd7 11. b3 c5 12. Bb2 Rc8 13. Qd3 cxd4 14. Qxd4 Nb4 15.
Rfc1 Bc5 16. Qc3 dxc4 17. bxc4 b5 18. a3 Na6 19. Qd3 bxc4 20. Nxc4 Rb8 21. Rd1
Bd5 22. Bd4 Qe7 23. Ne3 Bb7 24. Rab1 Bxd4 25. Qxd4 Ndc5 26. Nc4 Be4 27. Rxb8
Rxb8 28. Ne1 Bxg2 29. Kxg2 h6 30. Nd3 Qb7+ 31. Kg1 Qf3 32. Nxc5 Nxc5 33. Rf1 Rc8
34. Nd6 Rc6 35. Qe3 Qxe3 36. fxe3 Nd3 37. Nxf7 Ra6 38. Nd8 Nxe5 39. Rf4 Rxa3 40.
Re4 Nf3+ 41. Kf2 Ng5 42. Re5 Ra2+ 43. Kf1 Ra1+ 44. Kf2 Ra2+ 45. Kf1 Nf3 46. Rxe6
Nxh2+ 47. Kg1 Nf3+ 48. Kf1 a5 49. Re7 Nh2+ 50. Ke1 Kf8 51. Ra7 Nf3+ 52. Kf1 Nh2+
53. Kg1 Nf3+ 54. Kf1 Ke8 55. Nc6 a4 56. Rxg7 Rc2 57. Nb4 Rb2 58. Nd3 Rd2 59. Nb4
Rb2 60. Nd3 a3 61. Ra7 Ra2 62. Nb4 Rb2 63. Nd3 Rb3 64. Ke2 Ng5 65. Ra6 Kd8 66.
Ra4 Ne6 67. Nc1 Rb2+ 68. Kd1 Nc5 69. Rxa3 Ne4 70. Ra6 h5 71. Ne2 Rd2+ 72. Ke1
Rd3 73. Nf4 Rxe3+ 74. Kf1 Nxg3+ 75. Kf2 Rb3 76. Rh6 Ne4+ 77. Ke2 Ng3+ 78. Kf2
Ne4+ 79. Ke2 Ng3+ 80. Kf2 1/2-1/2

[Event "TCh-CHN 2016"]
[Site "China CHN"]
[Date "2016.04.12"]
[Round "1.5"]
[Board "1"]
[White "Zhou, Jianchao"]
[Black "Li, Di"]
[Result "1-0"]
[WhiteTitle "GM"]
[BlackTitle "FM"]
[WhiteElo "2612"]
[BlackElo "2420"]
[WhiteTeam "Shanghai"]
[BlackTeam "Chengdu"]
[WhiteFideId "8603537"]
[BlackFideId "8607508"]
[EventDate "2016.04.12"]

1. c4 c6 2. Nf3 Nf6 3. Nc3 d5 4. e3 e6 5. d4 Nbd7 6. Qc2 Bd6 7. Bd3 dxc4 8. Bxc4
b5 9. Bd3 Bb7 10. O-O O-O 11. Rd1 Qc7 12. a3 e5 13. h3 h6 14. Nh4 Rfc8 15. Nf5
Bf8 16. b4 a6 17. Ne4 Nxe4 18. Bxe4 g6 19. Ng3 Bg7 20. Rb1 exd4 21. exd4 Nf8 22.
Qb3 Re8 23. Be3 c5 24. d5 c4 25. Qc2 Qd6 26. Bc5 Qf4 27. Bf3 Nd7 28. Ne4 Ne5 29.
Be2 Nd3 30. Nd6 Nxf2 31. Nxe8 Nxh3+ 32. gxh3 Qg3+ 33. Kf1 Qxh3+ 34. Kg1 Qg3+ 35.
Kh1 Qh3+ 36. Kg1 Qg3+ 37. Kh1 Rxe8 38. Bf1 Re5 39. Bg2 Rh5+ 40. Kg1 Be5 41. Kf1
Rf5+ 42. Bf2 Qh2 43. Rd2 c3 44. Re2 Bd4 45. Qxf5 gxf5 46. Bxd4 Qf4+ 47. Bf2 Kh7
48. Rc2 Qc4+ 49. Kg1 Bxd5 50. Bxd5 Qxd5 51. Rxc3 f4 52. Rbb3 Qd1+ 53. Kh2 Kg6
54. Rf3 Kg5 55. Rbd3 Qe2 56. Kg2 Kg4 57. Rh3 Qe4+ 58. Rdf3 Qg6 59. Rh4+ Kf5+ 60.
Bg3 Ke6 61. Rhxf4 Qc2+ 62. Kh3 f5 63. Rxf5 Qxf5+ 64. Rxf5 Kxf5 65. Bc7 1-0

[Event "TCh-CHN 2016"]
[Site "China CHN"]
[Date "2016.04.12"]
[Round "1.5"]
[Board "2"]
[White "Ni, Hua"]
[Black "Zhao, Yuanhe"]
[Result "1-0"]
[WhiteTitle "GM"]
[WhiteElo "2681"]
[BlackElo "2313"]
[WhiteTeam "Shanghai"]
[BlackTeam "Chengdu"]
[WhiteFideId "8601160"]
[BlackFideId "8609497"]
[EventDate "2016.04.12"]

1. d4 Nf6 2. Bf4 g6 3. Nc3 d5 4. e3 Bg7 5. h4 O-O 6. h5 c5 7. dxc5 Nc6 8. hxg6
hxg6 9. Bb5 Qa5 10. Bh6 Bxh6 11. Rxh6 e5 12. a3 Bg4 13. f3 Bh5 14. g4 Kg7 15.
Rxh5 gxh5 16. g5 Nh7 17. f4 exf4 18. Qxh5 Rae8 19. O-O-O Rxe3 20. Nge2 f3 21.
Qh6+ Kg8 22. Rh1 Rd8 23. g6 1-0